000 00973nam a22002537a 4500
005 20170124103203.0
010 _aA-883090
020 _c80.00
035 _aA-883090
037 _bCen Lib/Ret
040 _aDPL
_bHN
082 _a750
_bजसवा
100 _aजसवानी, के. के.
_992819
245 _aचित्र बनाने के 100 तरीके /
_cके. के. जसवानी
246 _aChitra banane ke 100 tarike /
_bby K. K. Jaswani
260 _aदिल्ली
_bआत्माराम एण्ड संस
_c1997
270 _aकश्मीरी गेट
_bदिल्ली
_e110006
300 _a141पृ.
_c19सेमी(सजिल्द)
650 _aकला और मानव
_987916
650 _aकला--अभिव्यक्ति
_992820
650 _aArts and Human
_992821
650 _aArt--Expression
_992822
942 _2ddc
_cHN
_h750
_mजसवा
999 _c120828
_d120828